Wars of the 20th Century - Statistics

General Stats
  • This quiz has been taken 177 times
    172 since last reset
  • The average score is 13 of 30
Answer Stats
Period War % Correct
1914–1918 World War I
98%
1939–1945 World War II
97%
1955–1975 Vietnam War
91%
1950–1953 Korean War
88%
1979–1989 Soviet-Afghan War
71%
1917–1923 Russian Civil War
70%
1990–1991 Gulf War
66%
1936-1939 Spanish Civil War
66%
1927–1937/1946–1949 Chinese Civil War
60%
1991–1999 Yugoslav Wars
56%
1967 Six-Day War
52%
1937–1945 Second Sino-Japanese War
50%
1912-1913 Balkan Wars
48%
1904-1905 Russo-Japanese War
48%
1973 Yom Kippur War
44%
1980–1988 Iran-Iraq War
42%
1982 Falklands War
32%
1953–1959 Cuban Revolution
30%
1910–1920 Mexican Revolution
27%
1946–1954 Indochina War
24%
1954–1962 Algerian War of Independence
23%
1948–1949 Arab-Israeli War
22%
1975–1990 Lebanese Civil War
22%
1990–1994 Rwandan Civil War
21%
1971 Bangladesh Liberation War
13%
1935–1936 Italo-Ethiopian War
13%
1911-1912 Italo-Turkish War
13%
1967–1970 Nigerian Civil War (Biafran War)
11%
1952–1960 Mau Mau Uprising
9%
1919–1922 Greco-Turkish War
7%
No matching quizzes found
Score Distribution
Percent of People with Each Score
Percentile by Number Answered
Your Score History
You have not taken this quiz since the last reset